000 02472nam a22002537a 4500
999 _c7785
_d7785
003 AR-CdUCM
008 190321b ||||| |||| 00| 0 spa d
040 _aMUNICIPALIDAD PROVINCIAL DEL CUSCO
_cBIBLIOTECA MUNICIPAL DEL CUSCO
082 _a985.008 /
_bC73
100 _aComisión nacional de sesquicentenario de la independencia del Perú.
_922000
245 _aLa rebelión de Túpac Amaru :
_bAntecedentes /
260 _aLima :
_bComisión Nacional del Sesquicentenario de la Independencia del Perú,
_c1971.
300 _a4 volúmenes ;
_c24 cm.
440 _aColección Documental de la Independencia del Perú.
_921841
505 _aContenido: V.1 Representación de la cuidad del Cuzco, Informe relacionado del cabildo del Cuzco, Relación del Cuzco, por Ignacio de Castro, Estado del Perú, por Rafael José Sahuaraura Titu Atauchi, Informe sobre las causas de a sublevación de 1871, por Antonio Gonzáles Pavón, La verdad desnuda, Por Eusebio Balza de Berganza, Oficio de visita, por Jorge de Escobedo -- V.2 Partida de casamiento de Marcos Túpac Amaru con Marcela Castro, Partida de defunción de Rosa Noguera, Partida de defunción de Miguel Túpac amaru, Partida de nacimiento de Túpac Amaru con Micaela Bastidas, Partida de Nacimiento de Mariano Túpac Amaru, Demanda de Túpac Amaru con J. Castro... V.3 Carta de un vecino del Cusco a otro de Lima, Libertad del cura Antonio Centeno, Decreto sobre rentas eclesiásticas del visitador Areche, Representación del comercio de Cusco pidiendo al visitador Areche suspenda su viaje a Lima y su respuesta, Representación de S. Gutierrez sobre defensa del Cusco... V.4 Expediente que contiene la lista de revista de las milicias de Chucuito, en la provincia de Puno: con la relación de las tropas, los gastos que se hicieron en la campaña contra el rebelde Túpac Amaru, así como los informes sobre varios saqueos y destrucción de algunos de los pueblos de aquella región desde noviembre de 1780 a octubre de 1784, El contador Don José Castañeda acusa recibo de las de oficio, y participa la constitución de aquella audiencia por a rebelión del indio Tupamaro, y que en el colegio se ha acogido mucha necesidad del pueblo...
650 _aRebelión
_93924
650 _aTinta
_922001
650 _aCuzco
_97693
650 _aSublevación
_922002
650 _aHistoria del Perú
_9259
700 _aValcarcel, Carlos Daniel (edición y prólogo)
_922003
942 _2ddc
_cLIBROS
945 _adavv